Introduction to python for engineers and scientists: (Record no. 6643)

MARC details
000 -LEADER
fixed length control field 00862nam a22002417a 4500
003 - CONTROL NUMBER IDENTIFIER
control field OSt
005 - DATE AND TIME OF LATEST TRANSACTION
control field 20220107122856.0
008 - FIXED-LENGTH DATA ELEMENTS--GENERAL INFORMATION
fixed length control field 191030b xxu||||| |||| 00| 0 eng d
020 ## - INTERNATIONAL STANDARD BOOK NUMBER
International Standard Book Number 9781484232033
040 ## - CATALOGING SOURCE
Transcribing agency IIITMK
082 ## - DEWEY DECIMAL CLASSIFICATION NUMBER
Classification number 005.133P NAG/I
100 ## - MAIN ENTRY--PERSONAL NAME
Personal name Nagar, Sandeep
9 (RLIN) 17071
245 ## - TITLE STATEMENT
Title Introduction to python for engineers and scientists:
Remainder of title Open source solutions for numerical computation
Statement of responsibility, etc. Sandeep Nagar
260 ## - PUBLICATION, DISTRIBUTION, ETC.
Place of publication, distribution, etc. New York,
Name of publisher, distributor, etc. Apress,
Date of publication, distribution, etc. 2018.
300 ## - PHYSICAL DESCRIPTION
Extent xvii, 254p.
650 ## - SUBJECT ADDED ENTRY--TOPICAL TERM
Topical term or geographic name entry element COMPUTER SCIENCE
9 (RLIN) 17129
650 ## - SUBJECT ADDED ENTRY--TOPICAL TERM
Topical term or geographic name entry element COMPUTER PROGRAMMING
9 (RLIN) 17130
650 ## - SUBJECT ADDED ENTRY--TOPICAL TERM
Topical term or geographic name entry element PYTHON
9 (RLIN) 17131
650 ## - SUBJECT ADDED ENTRY--TOPICAL TERM
Topical term or geographic name entry element NUMERICAL COMPUTATION
9 (RLIN) 17132
650 ## - SUBJECT ADDED ENTRY--TOPICAL TERM
Topical term or geographic name entry element OPEN SOURCE SOLUTIONS
9 (RLIN) 17133
856 ## - ELECTRONIC LOCATION AND ACCESS
Uniform Resource Identifier <a href="https://www.pdfdrive.com/introduction-to-python-for-engineers-and-scientists-open-source-solutions-for-numerical-computation-d158324321.html">https://www.pdfdrive.com/introduction-to-python-for-engineers-and-scientists-open-source-solutions-for-numerical-computation-d158324321.html</a>
942 ## - ADDED ENTRY ELEMENTS (KOHA)
Source of classification or shelving scheme Dewey Decimal Classification
Koha item type Books
Holdings
Withdrawn status Lost status Source of classification or shelving scheme Damaged status Not for loan Collection code Home library Current library Shelving location Date acquired Cost, normal purchase price Total Checkouts Total Renewals Full call number Barcode Date last seen Date last checked out Price effective from Koha item type
    Dewey Decimal Classification     Non Fiction Kerala University of Digital Sciences, Innovation and Technology Knowledge Centre Kerala University of Digital Sciences, Innovation and Technology Knowledge Centre Computer Science 30/10/2019 1378.00 14 3 005.133P NAG/I 5567 14/08/2025 04/09/2024 30/10/2019 Books